Tiếng anh nói từ doanh nghiệp tập I

Na minha lista:
Detalhes bibliográficos
Autor principal: Ngô Văn Hải
Formato: Livro
Idioma:Vietnamese
Publicado em: Sunshine 1999
Tags: Adicionar Tag
Sem tags, seja o primeiro a adicionar uma tag!
Thư viện lưu trữ: Mạng thư viện Đại học Đà Nẵng
LEADER 00624nam a2200277 4500
001 000025650
003 1211
005 20150325120000.0
008 150325s vm 000 vie
020 |c 0,0000 
040 |a D7 
100 |a Ngô Văn Hải 
245 |a Tiếng anh nói từ doanh nghiệp tập I 
260 |b Sunshine  |c 1999 
300 |a 487tr. ; 
OWN |a LTT 
999 |a From the UDN01 
TYP |a Monograph 
TYP |a Printed language 
980 |a Mạng thư viện Đại học Đà Nẵng